| 000 | 00422nam a22001217a 4500 | ||
|---|---|---|---|
| 082 | _a200 THE | ||
| 100 |
_aSuleman Tahir _969883 |
||
| 245 | _aTH-SOF-1640-Pilot based Channel Estimation for Generalized Frequency Division Multiplexing (GFDM) System | ||
| 260 |
_aISLAMABAD _bNUST COLLEGE OF EME _c2019 |
||
| 650 | _a MS-ELECT-83 MSTHESIS | ||
| 700 | _aSupervisor Dr. Shahzad Amin Sheikh | ||
| 942 | _cCF | ||
| 999 |
_c576970 _d576970 |
||